A fenntartható utazás jövője A Z generáció szerepe a felelős turizmusban

Bibliográfiai részletek
Szerző: Visi Napsugár Fruzsina
További közreműködők: Lovasné Dr. Avató Judit
Dokumentumtípus: Diplomadolgozat
Kulcsszavak:fenntartható fejlődés
fenntarthatóság
generációs fejlődés
utazás
Z generáció
Online Access:http://dolgozattar.uni-bge.hu/59717

MARC

LEADER 00000nta a2200000 i 4500
001 dolg59717
005 20260409145453.0
008 260409suuuu hu om 000 hun d
040 |a BGE Dolgozattár Repozitórium  |b hun 
041 |a hu 
100 1 |a Visi Napsugár Fruzsina 
245 1 2 |a A fenntartható utazás jövője  |b A Z generáció szerepe a felelős turizmusban  |c Visi Napsugár Fruzsina  |h [elektronikus dokumentum] 
520 3 |a A kutatás célja feltárni, hogy a Z generáció miként viszonyul a fenntartható turizmushoz, különös figyelmet fordítva a fenntarthatóság fogalmának ismertségére, alapelveinek megértésére, valamint ezek gyakorlati megjelenésére a fiatalok utazási szokásaiban. A kutatás során kvantitatív módszerekkel vizsgáltam a fenntarthatósághoz való attitűdöket, és elemeztem a férfi-női, lakóhelyi és generációs különbségeket is. Az eredmények azt mutatják, hogy a Z generáció tagjai nyitottak és érzékenyek a fenntarthatóság témájára, ugyanakkor az ismeretek sok esetben hiányosak, és az elméleti egyetértés nem mindig társul tudatos, következetes viselkedéssel. A fiatalok elsősorban akkor választanának fenntarthatóbb utazási alternatívákat, ha ezek nem járnának jelentős többletköltséggel vagy kényelmi kompromisszumokkal. A kutatás eredményei alapján a fenntartható turizmus népszerűsítésében kulcsszerepe lehet az élményalapú, értékorientált kommunikációnak, amely a Z generáció életmódjához és motivációihoz igazodik. A dolgozat hozzájárul a fenntarthatósággal kapcsolatos szemléletformáló stratégiák megalapozásához, és iránymutatást adhat a jövőbeni fejlesztésekhez a turizmus területén. 
695 |a fenntartható fejlődés 
695 |a fenntarthatóság 
695 |a generációs fejlődés 
695 |a utazás 
695 |a Z generáció 
700 1 |a Lovasné Dr. Avató Judit  |e ths 
856 4 0 |u http://dolgozattar.uni-bge.hu/59717/1/Visi.Napsugar.Fruzsina.Szakdolgozat.2024_2025.pdf  |z Dokumentum-elérés 
856 4 0 |u http://dolgozattar.uni-bge.hu/59717/2/Szakdolgozat%20b%C3%ADr%C3%A1lati%20lap%20bels%C5%91%20magyar%202025%20BNTVH8V%20Lovasn%C3%A9.pdf  |z Dokumentum-elérés 
856 4 0 |u http://dolgozattar.uni-bge.hu/59717/3/Visi%20Napsug%C3%A1r%20Fruzsina_opponens_%C5%90ry%20Kinga.pdf  |z Dokumentum-elérés